Vodohospodárska bilancia z hľadiska zdrojov závlahovej vody v rámci plánov integrovaného manažmentu povodí Slovenska
Vodná politika EÚ. Závlahy a potreba vodných zdrojov. Sucho a nedostatok vody v povodí. Pôdne sucho, hydrologické sucho, hydrogeologické sucho. Rozšírenie závlahových sústav bude jedných z hlavných adaptačných opatrení na zmiernenie negatívnych dôsledkov meniacej sa klímy. Nárast celkovej potreby vo...
Gespeichert in:
| 1. Verfasser: | |
|---|---|
| Weitere Verfasser: | |
| Format: | Buchkapitel |
| Sprache: | Slowakisch |
| Schlagworte: | |
| Tags: |
Keine Tags, Fügen Sie das erste Tag hinzu!
|
MARC
| LEADER | 00000naa a2200000 4500 | ||
|---|---|---|---|
| 001 | 0234794 | ||
| 005 | 20220805074626.3 | ||
| 041 | 0 | |a slo | |
| 044 | |a SK | ||
| 245 | 1 | 0 | |a Vodohospodárska bilancia z hľadiska zdrojov závlahovej vody v rámci plánov integrovaného manažmentu povodí Slovenska |c Štefan Adam, Štefan Rehák |
| 520 | |a Vodná politika EÚ. Závlahy a potreba vodných zdrojov. Sucho a nedostatok vody v povodí. Pôdne sucho, hydrologické sucho, hydrogeologické sucho. Rozšírenie závlahových sústav bude jedných z hlavných adaptačných opatrení na zmiernenie negatívnych dôsledkov meniacej sa klímy. Nárast celkovej potreby vody pre závlahy. | ||
| 610 | 2 | 0 | |a voda |
| 610 | 2 | 0 | |a sucho |
| 610 | 2 | 0 | |a zdroje vodné |
| 610 | 2 | 0 | |a zavlažovanie |
| 610 | 2 | 0 | |a Slovensko |
| 100 | 1 | |a Adam, Štefan | |
| 700 | 1 | |a Rehák, Štefan | |